| 000 | 01121nam a22002657a 4500 | ||
|---|---|---|---|
| 005 | 20110214110156.0 | ||
| 008 | 090211t xxu||||| |||| 00| 0 hin d | ||
| 010 | _aHIN-91860 | ||
| 020 |
_a8188495115 _c125.00 |
||
| 035 | _aHN-64206 | ||
| 037 | _bDBAD / PUB | ||
| 040 |
_aDPL _bHN |
||
| 082 | _a540 | ||
| 100 |
_925892 _aपचौरी, कृष्णकांत |
||
| 245 |
_aप्रारम्भिक रसायन विज्ञान / _cकृष्णकांत पचौरी |
||
| 246 |
_aPrarambhik Rsayan Vigyan _bby Krishankant Panchori |
||
| 260 |
_aमथुरा _bरमन बुक सेंटर _c2009 |
||
| 270 |
_a1940, बाढ़पुरा कॉलोनी, सदर रोड _bमथुरा _e281001 (उ.प्र.) |
||
| 300 |
_a72पृ. _c22सेमी (सजिल्द) _bसचित्र |
||
| 650 | _91169 | ||
| 650 | _925893 | ||
| 700 | _925894 | ||
| 942 |
_2ddc _cHN _h540 _mपचौरी |
||
| 999 |
_c50514 _d50514 |
||